Taylor Swift - Paroles It's Nice To Have a Friend - Statistiques

Statistiques générales
  • Ce quiz a été pris 27 fois
  • Le résultat moyen est 130 sur 155
Statistiques - réponses
Hint Réponse % Correct
a
100%
friend
100%
have
100%
Have
100%
Refrain It's
100%
me
100%
nice
100%
on
100%
Intro Ooh
100%
(Ooh)
100%
to
100%
To
100%
you
100%
bell
91%
fun
91%
in
91%
my
91%
ring,
91%
Couplet 1 School
91%
the
91%
The
91%
covered
82%
like
82%
one
82%
out?"
82%
out
82%
rings,
82%
sounds
82%
too
82%
we
82%
Yeah,
82%
yeah,
82%
bells
73%
carry
73%
Couplet 3 Church
73%
gave
73%
gloves,
73%
hand
73%
hang
73%
home
73%
home,
73%
Lost
73%
no
73%
roof
73%
snow
73%
walk
73%
"Wanna
73%
20
64%
"babe"
64%
back,
64%
bed
64%
been
64%
Call
64%
call
64%
curfew
64%
down,
64%
everyday
64%
Feels
64%
games,
64%
give
64%
ground
64%
lately?
64%
looks
64%
nerve
64%
note
64%
pass
64%
pink
64%
questions,
64%
sky
64%
Sleeping
64%
Something
64%
stay
64%
stressed
64%
Sun
64%
tell
64%
touch
64%
truth
64%
up
64%
Video
64%
weekend
64%
whole
64%
You've
64%
bluff,
55%
Couplet 2 Light
55%
Sidewalk
55%
sinks
55%
tents
55%
Rice
45%
chalk
36%
Aucun quiz correspondant
Distribution des résultats
% des personnes avec chaque résultat
Percentile par nombre de réponses
Votre historique - résultats
Vous n’avez pas pris ce quiz